Paroles - Bruxelles - Jacques Brel - Statistiques

Statistiques générales
  • Ce quiz a été pris 83 fois
  • Le résultat moyen est 245 sur 294
Statistiques - réponses
Paroles % Correct
Bruxelles
100%
C'était
96%
96%
temps
96%
au
94%
Il
94%
il
94%
cinéma
91%
dans
91%
de
91%
du
91%
muet
91%
Place
91%
place
91%
chantai
89%
Et
89%
et
89%
grand-mère
89%
grand-père
89%
la
89%
le
89%
les
89%
ma
89%
on
89%
en
87%
je
87%
mon
87%
rêvait
87%
bruxellait
85%
que
85%
avait
83%
elle
83%
Elle
83%
y
83%
crinoline
81%
femmes
81%
sois
81%
su
81%
sur
81%
Sur
81%
voudrait
81%
des
79%
faire
79%
gibus
79%
fonctionnaire
77%
coeur
74%
était
74%
étoiles
74%
hommes
74%
l'impériale
74%
pas
74%
voyait
74%
militaire
72%
omnibus
72%
guerre
70%
laissé
70%
messieurs
70%
père
70%
Sainte-Catherine
70%
avec
68%
chantait
68%
ils
68%
Ils
68%
malin
68%
dansait
66%
sérieux
66%
vitrines
66%
pensait
64%
attendait
62%
pavés
62%
rien
62%
Brouckère
60%
dansaient
60%
deux
60%
l'omnibus
60%
comme
57%
fait
57%
j'ai
57%
tous
57%
moral
55%
canal
53%
donc
53%
lampions
53%
l'avaient
53%
Sous
53%
sous
53%
étaient
49%
l'avait
49%
Sainte-Justine
49%
gais
43%
chantaient
30%
Plce
2%
Aucun quiz correspondant
Distribution des résultats
% des personnes avec chaque résultat
Percentile par nombre de réponses
Votre historique - résultats
Vous n’avez pas pris ce quiz